[Event "Campo Grande op 2nd"]
[Site "Campo Grande"]
[Date "2014.09.05"]
[Round "1"]
[White "Caceres, Joao Victor Nunes D"]
[Black "Rezende, Gabriel Avila"]
[Result "1-0"]
[WhiteElo "1777"]
[BlackElo "1800"]
[PlyCount "49"]
[EventDate "2014.09.05"]
[EventType "swiss"]
[EventRounds "5"]
[EventCountry "BRA"]
[SourceTitle "CBM 162 Extra"]
[Source "ChessBase"]
[SourceDate "2014.10.17"]
[SourceVersion "1"]
[SourceVersionDate "2014.10.17"]
[SourceQuality "1"]

1. d4 e6 2. c4 Nc6 3. Nf3 Nf6 4. Nc3 Bd6 5. e4 Bb4 6. Bd3 Bxc3+ 7. bxc3 Na5 8. Bg5 h6 9. Bh4 g5 10. Nxg5 hxg5 11. Bxg5 Rh5 12. Bxf6 Qxf6 13. Qxh5 b6 14. 0-0 c5 15. e5 Qg7 16. Qh7 Qf8 17. Rab1 Rb8 18. d5 Nb7 19. f4 a5 20. f5 Nd8 21. fxe6 fxe6 22. Rxf8+ Kxf8 23. Rf1+ Ke8 24. d6 Ba6 25. Qe7# 1-0